| 000 | 00516nam a2200169 i 4500 | ||
|---|---|---|---|
| 001 | 45399 | ||
| 003 | ES-MaACL | ||
| 005 | 20250625170403.0 | ||
| 007 | t| | ||
| 008 | 030325s1969 sp ||||1| spa d | ||
| 100 | 1 |
_aColson, Jean. _939901 |
|
| 245 | 1 | 0 |
_aSacerdotes y pueblo sacerdotal / _cJean Colson ; [versión Nicolás López Martínez]. |
| 260 |
_aBilbao : _bMensajero, _c[1969] |
||
| 700 | 1 |
_aLópez Martínez, Nicolás, _d1925-2006 _973762 |
|
| 852 |
_aES-MaACL _jC-50878 _bR.72799 |
||
| 999 |
_c45399 _d45399 |
||